000 01884nam a2200385 i 4500
001 5221978
003 CZ PrSKC
005 20260401092149.0
007 ta
008 260323s2026 xr g 000 f cze
020 _a9788026770237
_cKč 549,00
040 _aABG001
_bcze
_erda
041 1 _acze
_hfre
072 7 _a821.133.1
_xFrancouzská literatura, francouzsky psaná
_2Konspekt
080 _a821.133.1-31
_2MRF
080 _a(0:82-312.4)
_2MRF
100 1 _aMinier, Bernard,
_d1960-
_4aut
_96744
240 1 0 _aH.
_lČesky
245 1 0 _aHra /
_cBernard Minier ; překlad Blanka Carrière
250 _aPrvní vydání
264 1 _aPraha :
_bXYZ,
_c2026
300 _a509 stran ;
_c21 cm
500 _aPřeloženo z francouzštiny
520 2 _aDalší román z kultovní série úspěšného francouzského autora, ve kterém po patnácti letech začíná opět řádit brutální sériový vrah. Nebo je realita uměle zkreslená médii a sociálními sítěmi?
_bKdyž se na internetu začne šířit true crime podcast o nepolapitelném sériovém vrahovi Julianu Hirtmannovi, brzy se kolem jeho příběhu vytvoří mrazivý kult. Miliony posluchačů, blogerů a amatérských vyšetřovatelů pátrají po detailech jeho zločinů - a jejich posedlost živí novou vlnu strachu. V okamžiku, kdy začnou mizet mladé ženy, vrací se komisař Martin Servaz do akce. Stopy vedou do minulosti, a zároveň do světa, kde se realita ztrácí v mediálním šumu. Nakladatelská anotace. Kráceno.
655 7 _afrancouzské romány
_9247
655 7 _adetektivní romány
655 7 _athrillery (romány)
_920
655 9 _aFrench fiction
_9248
655 9 _adetective novels
655 9 _athrillers (novels)
_9125
700 1 _aCarrière, Blanka,
_d1973-
_4trl
_918453
710 2 _aXYZ (nakladatelství)
_4pbl
_920470
910 _aABG508
999 _c34124
_d34124